00417nam a2200109Ia 4500008004100000100002100041245010400062260004800166300001100214650001400225856006800239160712s9999 xx 000 0 und d aRazon, Pamela A. cPamela A. RazonaEffects of Interactive Writing on Story Grammar Knowledge of Kindergarten Students c2015bAlipato: A Journal of Basic Education avol. 6 xEDUCATION uhttp://journals.upd.edu.ph/index.php/ali/article/view/4565/4108